00512nam a2200193 a 4500001001300000003000900013005001700022008004100039020001000080082001700090100002400107245003800131260003900169300000900208500003500217505001000252650003200262700002400294nice12345678IN_TiNIC20260116012733.0050524s1990 newa grp 000 0 eng  ac15000a954.023bBRI aBrijbhushan, Jamila aSultan Raziya, Her Life and Times aNew DelhibManohar Publisherc1990 a165p aincludes index and biblioraphy2 aIndex aIndia-History Raziya Sultan1 aBrijbhushan, Jamila